| 000 | 00676nam a22001937a 4500 | ||
|---|---|---|---|
| 999 |
_c252459 _d252458 |
||
| 003 | OSt | ||
| 005 | 20241126160518.0 | ||
| 008 | 160219b xxu||||| |||| 00| 0 eng d | ||
| 010 | _a2009053304 | ||
| 020 | _a 9780849948107 (hardcover) | ||
| 040 |
_aDLC _cDLC _dDLC |
||
| 050 |
_aF1035.H97 _b K57 2010 |
||
| 100 | _aKirkby, Mary-Ann. | ||
| 245 |
_a I am Hutterite : _b the fascinating true story of a young woman's journey to reclaim her heritage / _c Mary-Ann Kirkby ; [foreword by Arvel Gray]. |
||
| 250 | _a [Updated ed.]. | ||
| 260 |
_a Nashville, Tenn. : _b Thomas Nelson, _c c2010. |
||
| 300 |
_a xxiii, 245 p. : _b ill., geneal. table ; _c 22 cm. |
||
| 942 |
_2lcc _cBK |
||